Movie Alphabet Z - Statistics

General Stats
  • This quiz has been taken 44 times
    9 since last reset
  • The average score is 7 of 12
Answer Stats
Picture Answer % Correct
Z
100%
Zoolander
100%
Zootopia
78%
Zodiac
67%
Zorro, The Gay Blade
67%
Zack Snyder's Justice League
56%
Zombieland
56%
Zombies
56%
Zero Dark Thirty
44%
The Zero Theorem
22%
Zookeper
22%
Zoom
22%
No matching quizzes found
Score Distribution
Percent of People with Each Score
Percentile by Number Answered
Your Score History
You have not taken this quiz since the last reset